| 000 | 00635cam a22002173a 4500 | ||
|---|---|---|---|
| 001 | 39789 | ||
| 003 | PGUSA | ||
| 005 | 20140828083903.0 | ||
| 008 | 120525s2012||||xxu|||||s|||||000 | eng d | ||
| 040 |
_aPGUSA _beng |
||
| 042 | _adc | ||
| 100 | 1 |
_aHemstreet, Charles, _d1866- |
|
| 245 | 1 | 0 |
_aNooks and Corners of Old New York _h[electronic resource] / _cCharles Hemstreet |
| 260 |
_bProject Gutenberg, _c2012 |
||
| 506 | _aPublic domain in the USA. | ||
| 516 | _aElectronic text | ||
| 700 | 1 |
_aPeixotto, Ernest C., _d1869-1940 |
|
| 830 | 0 |
_aProject Gutenberg _v39789 |
|
| 856 | 4 | 0 | _uhttp://www.gutenberg.org/ebooks/39789 |
| 942 | _cEB | ||
| 999 |
_c269042 _d269042 |
||